00359nam a2200145Ia 4500008004100000020001800041041000800059082001600067100002100083245004000104250000600144260004200150300001200192650000900204210716s2007 xx 000 0 und d a9788120308848 aeng a005.73 KRUR aKruse, Robert L. aData structures and program design. a3 aNew DelhibPHI Learning Pvt Ltdc2007 axiv,689 aNone